000 00605nam a22002177a 4500
001 00028556
005 20260313094927.0
008 260313b ag ||||| |||| 00| 0 spa d
020 _a9685938571
040 _aAR-CcCEOS
_bspa
_cAR-CcCEOS
041 _aspa
080 _a860-1
090 _bDAR
100 1 _aDarío, Rubén,
_d1867-1916
_9882
245 _aPoemas de adolescencia /
_cRubén Darío
264 _aMéxico :
_bSigno,
_cc2006.
300 _a103 p. ;
_c19x13 cm.
655 0 _apoesías
_9214
_vadolescentes
942 _2udc
_cBK
_n0
999 _c28586
_d28586